|
|
|
|
| LEADER |
00770nab a2200205 i 4500 |
| 001 |
acta31072 |
| 005 |
20210927104143.0 |
| 008 |
161017s2013 hu o 0|| hun d |
| 022 |
|
|
|a 0237-7934
|
| 040 |
|
|
|a SZTE Egyetemi Kiadványok Repozitórium
|b hun
|
| 041 |
|
|
|a hun
|
| 100 |
1 |
|
|a Gausz Ildikó
|
| 245 |
1 |
0 |
|a Magyar koronázás francia szemmel
|h [elektronikus dokumentum] :
|b riporterek, celebek II. Mátyás koronázási fesztumán /
|c Gausz Ildikó
|
| 260 |
|
|
|c 2013
|
| 300 |
|
|
|a 179-188
|
| 490 |
0 |
|
|a Aetas
|v 28 No. 3
|
| 650 |
|
4 |
|a Bölcsészettudományok
|
| 650 |
|
4 |
|a Történettudomány és régészet
|
| 695 |
|
|
|a II. Mátyás - király, Magyarország története - 17. sz.
|
| 856 |
4 |
0 |
|u http://acta.bibl.u-szeged.hu/31072/1/aetas_2013_003_179-188.pdf
|z Dokumentum-elérés
|